Statistiques concernant Pays par image de dirigeant - 1800

Cliquez ici pour prendre le quiz!

Statistiques générales

  • Ce quiz a été pris 101 fois
  • Le résultat moyen est 11 sur 16

Statistiques - réponses

Réponse% Correct
France
99%
Chine
92%
Japon
86%
Empire Ottoman
77%
Etats-Unis
77%
Haïti
74%
Saint-Empire romain
71%
Prusse
69%
Grande-Bretagne
57%
Suède
54%
Perse
52%
Russie
52%
Danemark
50%
États pontificaux
50%
Portugal
50%
Empire moghol
40%

Distribution des résultats

Percentile par nombre de réponses

% des personnes avec chaque résultat

Votre développement - résultats

Vous n’avez pas pris ce quiz